000 00789nam a22002172 4500
001 0000024572
005 20151217154512.0
008 140108s xx 000 0 eng d
020 _a0199639632 :
040 _aKABU
_cKABU
245 1 0 _aIntellectual property rights, development, and catch-up :
_ban international comparative study /
_cedited by Hiroyuki Odagiri ... [et al.].
250 _a1st ed.
260 _aOxford :
_bO. U. P.,
_c2010.
300 _axii, 451 p.
650 0 _aIntellectual property
_xEconomic aspects
_zDeveloping countries.
_@0000164858
650 0 _aEconomic development
_zDeveloping countries.
_@0000167582
700 1 _aOdagiri, Hiroyuki.
_@0000184880
852 1 _9p4455 KES
908 _a140108
950 _@1
999 _c11578
_d11578